[Event "Brno Duras op-B"]
[Site "Brno"]
[Date "2009.07.02"]
[Round "6"]
[White "Richterova, Natasa"]
[Black "Dmytruk, Volodymyr"]
[Result "1-0"]
[WhiteElo "1502"]
[BlackElo "1850"]
[PlyCount "95"]
[EventDate "2009.06.27"]
[EventType "swiss"]
[EventRounds "9"]
[EventCountry "CZE"]
[SourceTitle "CBM 131 Extra"]
[Source "ChessBase"]
[SourceDate "2009.09.03"]
[SourceVersion "2"]
[SourceVersionDate "2009.09.16"]
[SourceQuality "1"]

1. e4 e6 2. d4 d5 3. exd5 exd5 4. Bd3 Nf6 5. Bg5 h6 6. Bh4 Be7 7. h3 0-0 8. Nf3 Re8 9. 0-0 Be6 10. Nc3 c6 11. a3 Nbd7 12. Bg3 Rc8 13. Re1 Nh5 14. Bh2 f5 15. Rxe6 Rf8 16. Re1 Ndf6 17. Ne5 f4 18. Ng6 Re8 19. Nxf4 Nxf4 20. Bxf4 Kh8 21. Qf3 Qb6 22. Rab1 Qxd4 23. Be5 Qh4 24. Bxf6 Bxf6 25. Rxe8+ Rxe8 26. Ne2 Be5 27. Qg4 Qe7 28. Qg6 Kg8 29. Qh7+ Kf8 30. Qf5+ Kg8 31. Qf3 Bb8 32. g3 Rf8 33. Qg2 a6 34. f4 Ba7+ 35. Kh2 g5 36. Rf1 Qf6 37. Nc3 Bd4 38. fxg5 Qxg5 39. Rxf8+ Kxf8 40. Qf3+ Bf6 41. h4 Qd2+ 42. Kh3 Kg7 43. Qg4+ Kf7 44. Qg6+ Ke7 45. Qh7+ Kd6 46. Qg6 Qf2 47. Qxh6 Kc7 48. Qf4+ 1-0

[Event "Brno Duras op-B"]
[Site "Brno"]
[Date "2009.06.28"]
[Round "2"]
[White "Hotar, Petr"]
[Black "Dmytruk, Volodymyr"]
[Result "0-1"]
[WhiteElo "1250"]
[BlackElo "1850"]
[PlyCount "46"]
[EventDate "2009.06.27"]
[EventType "swiss"]
[EventRounds "9"]
[EventCountry "CZE"]
[SourceTitle "CBM 131 Extra"]
[Source "ChessBase"]
[SourceDate "2009.09.03"]
[SourceVersion "2"]
[SourceVersionDate "2009.09.16"]
[SourceQuality "1"]

1. e4 e6 2. d4 d5 3. e5 c5 4. Nf3 Nc6 5. Bb5 Qb6 6. Nc3 Bd7 7. a4 cxd4 8. Bxc6 bxc6 9. Nxd4 Bc5 10. Nce2 a5 11. 0-0 Ne7 12. Rb1 Ng6 13. f4 Bc8 14. Kh1 Ba6 15. Be3 Bxe2 16. Qxe2 Bxd4 17. Bd2 0-0 18. b4 Qc7 19. bxa5 Rfb8 20. Qg4 Bc5 21. h4 Ne7 22. h5 Nf5 23. Qe2 Ng3+ 0-1